Datum a čas kvízu
28.5
Celkem bodů
Celkový počet nahraných bodů na tomto kvízu bez doplňovacích otázek.
11.
Pořadí na kvízu
Konečné umístění týmu na tomto kvízu.
Zaznamenané odpovědi
| # | Otázka | Odpověď | Body | Výsledky |
|---|---|---|---|---|
| 1. | Bývalý europoslanec a zakladat... | 1 | ||
| 2. | V centru Paříže se v sobotu se... | 0 | ||
| 3. | Jak se jmenuje známá osobnost,... | 1 | ||
| 4. | Jeden tuzemský pivovar oznámil... | 0 | ||
| 5. | Šesté utkání pod vedením novéh... | 1 | ||
| 6. | Co ukradli Františku Loukovi n... | 1 | ||
| 7. | Student Plha potká ve filmu Ma... | 0 | ||
| 8. | "Jeho nejtemnější temnosti, kr... | 1 | ||
| 9. | "Tato kašna a vlasy paní sládk... | 0 | ||
| 10. | „Hele, Hanko, já ti musim něco... | 1 |